Stones rolled away. (Record no. 14809)

000 -LEADER
fixed length control field 00538nam a2200193 a 4500
001 - CONTROL NUMBER
control field :::00012643$&:&@@
003 - CONTROL NUMBER IDENTIFIER
control field OkBaRHE
005 - DATE AND TIME OF LATEST TRANSACTION
control field 20000607103421.0
008 - FIXED-LENGTH DATA ELEMENTS--GENERAL INFORMATION
fixed length control field j 000 0 eng u
040 ## - CATALOGING SOURCE
Transcribing agency
100 1# - MAIN ENTRY--PERSONAL NAME
Personal name Drummond, Henry.
245 10 - TITLE STATEMENT
Title Stones rolled away.
260 ## - PUBLICATION, DISTRIBUTION, ETC. (IMPRINT)
Place of publication, distribution, etc No Imprint.
300 ## - PHYSICAL DESCRIPTION
Extent 184 p. ;
Dimensions 19 cm.
650 ## - SUBJECT ADDED ENTRY--TOPICAL TERM
Topical term or geographic name as entry element Men
General subdivision Conduct of Life
650 ## - SUBJECT ADDED ENTRY--TOPICAL TERM
Topical term or geographic name as entry element Men
General subdivision Religious Life
942 ## - ADDED ENTRY ELEMENTS (KOHA)
Source of classification or shelving scheme
Koha item type Books
Copies
Copy number Permanent Location Koha item type Price effective from Lost status Shelving location Date acquired Barcode Full call number Not for loan Source of classification or shelving scheme Withdrawn status Date last seen Damaged status
1RHEMA Bible Training CollegeBooks2010-04-14 General Stacks2010-04-1412643HQ 1090 .D688   2010-04-14